000 00239 a2200097 4500
001 13897
100 _aMattniessen P
245 _aFar Tortugo At Play in the Field of the Lord
260 _aNew York
_bRandom House
_c
090 _c10865
_d10865
942 _aNUST-CAE
_cM
_c964
999 _c248970
_d248970